Extractos de las sentencias del Tribunal Económico-Administrativo Central y de los fallos de las Juntas Arbitrales de las Aduanas, remitidos a este Consejo durante el año 1926, en cumplimiento de lo preceptuado en el Real Decreto de14 de marzo de 1925 (Record no. 5285)

000 -CABECERA
Campo de control de longitud fija 00727nam#a2200193#c#4500
003 - IDENTIFICADOR DE NÚMERO DE CONTROL
Campo de control IEF
005 - FECHA Y HORA DE LA ÚLTIMA TRANSACCIÓN
Campo de control 20250303182749.0
007 - CAMPO FIJO DE DESCRIPCIÓN FÍSICA - INFORMACIÓN GENERAL
campo de control de longitud fija ta
008 - CAMPO FIJO DE DESCRIPCIÓN FIJA - INFORMACIÓN GENERAL
Campo de control de longitud fija 941205s1927 sp fr | 0||u|spa |u
040 ## - FUENTE DE LA CATALOGACIÓN
Centro catalogador de origen ES-MaIEF
Lengua de catalogación spa
Centro transcriptor ES-MaIEF
245 #0 - MENCIÓN DE TÍTULO
Título Extractos de las sentencias del Tribunal Económico-Administrativo Central y de los fallos de las Juntas Arbitrales de las Aduanas, remitidos a este Consejo durante el año 1926, en cumplimiento de lo preceptuado en el Real Decreto de14 de marzo de 1925
260 ## - PUBLICACIÓN, DISTRIBUCIÓN, ETC (PIE DE IMPRENTA)
Lugar de publicación, distribución, etc. Madrid
Nombre del editor, distribuidor, etc. Reus
Fecha de publicación, distribución, etc. 1927
300 ## - DESCRIPCIÓN FÍSICA
Extensión 620 p.
Dimensiones 22 cm
650 #4 - PUNTO DE ACCESO ADICIONAL DE MATERIA - TÉRMINO DE MATERIA
Término de materia o nombre geográfico como elemento inicial JUNTAS ARBITRALES DE ADUANAS
9 (RLIN) 47542
650 #4 - PUNTO DE ACCESO ADICIONAL DE MATERIA - TÉRMINO DE MATERIA
Término de materia o nombre geográfico como elemento inicial ESPAÑA
9 (RLIN) 41092
710 ## - PUNTO DE ACCESO ADICIONAL - NOMBRE DE ENTIDAD CORPORATIVA
9 (RLIN) 32930
Nombre de entidad o nombre de jurisdicción como elemento inicial Consejo de Economía Nacional (España)
942 ## - ELEMENTOS KOHA
Koha tipo de item Libros
Holdings
Suprimido Perdido Estropeado No se presta Localización (Biblioteca) Fecha de adquisición Koha signatura completa Designación de pieza (código de barras) Koha Fecha de último uso Precio efectivo desde Koha tipo de item
      Disponible para préstamo IEF 1994-12-05 3074 3074 2018-02-19 2018-02-19 Libros

Powered by Koha